000 01294njm a22002537a 4500
005 20100907133445.0
007 sd ammalaaahaa
008 100907t xxu||||| |||| 00| 0 hin d
028 _aN. 53903
_bHis Master Voice
035 _aGR-00963
040 _aSED/VEN
100 _aBhosle, Asha
_91184
245 _aDharm putra :
_bHindustani /
_cby Asha Bhosle ; music by N. Dutta ; lyric by Sahir Ludhianvi
_h[sound recording] :
246 _aधर्म पुत्र (आशा भोसले )
260 _aDum Dum India
_bHis Master Voice
300 _a1 sound disc [Gramophone record] :
_banalog, 33 1/3 rpm
_c10 in.
_fGramophone Record
500 _aBrief Record
505 _aNaina kyoun bhar aaye part 1 (Dharm putra) (Asha Bhosle) नैना क्योँ भर आये पार्ट 1 (धर्म पुत्र ) (आशा भोसले ) Tumhari ankhen part 2 (Dharm putra) (Mahendra Kapoor) तुम्हारी ऑंखें पार्ट २ (धर्म पुत्र ) (महेंद्र कपूर )
650 _aClassical Music
_xExcerpts
_zIndia
_918740
700 _aDutta, N.
_918741
700 _aSahir Ludhianvi
_918742
942 _2ddc
_cBN
999 _c44245
_d44245